Vadilal Commission of Inquiry: final report (Record no. 489199)

000 -LEADER
fixed length control field 00385cam a22001337a 4500
008 - FIXED-LENGTH DATA ELEMENTS--GENERAL INFORMATION
fixed length control field 180718b1978 xxu||||| |||| 00| 0 eng d
082 ## - DEWEY DECIMAL CLASSIFICATION NUMBER
Classification number F5x54 In2v
100 ## - MAIN ENTRY--PERSONAL NAME
Personal name India. Vadilal Commission of Inquiry
245 ## - TITLE STATEMENT
Title Vadilal Commission of Inquiry: final report
260 ## - PUBLICATION, DISTRIBUTION, ETC.
Place of publication, distribution, etc. New Delhi
Name of publisher, distributor, etc. The author
Date of publication, distribution, etc. 1978
300 ## - PHYSICAL DESCRIPTION
Extent 154+p.
500 ## - GENERAL NOTE
General note Chairman: Vadilal
700 ## - ADDED ENTRY--PERSONAL NAME
Personal name Vadilal (Chairman)
Holdings
Withdrawn status Lost status Damaged status Not for loan Permanent Location Current Location Date acquired Full call number Barcode Date last seen Price effective from Koha item type
        Indian Institute of Public Administration Indian Institute of Public Administration 2018-08-04 F5x54 In2v GG17793 2018-08-04 2018-08-04 GG

Powered by Koha